[Event "HUN-chT2 Breyer 0607"]
[Site "Hungary"]
[Date "2006.11.26"]
[Round "2"]
[White "Klimko, Csaba"]
[Black "Izso, Daniel"]
[Result "0-1"]
[WhiteElo "2089"]
[BlackElo "2091"]
[PlyCount "80"]
[EventDate "2006.11.12"]
[EventType "team"]
[EventRounds "11"]
[EventCountry "HUN"]
[SourceTitle "EXT 2008"]
[Source "ChessBase"]
[SourceDate "2007.11.25"]
[SourceVersion "1"]
[SourceVersionDate "2007.11.25"]
[SourceQuality "1"]
[WhiteTeam "Kiraly Sakk"]
[BlackTeam "Stat PSC II"]
[WhiteTeamCountry "HUN"]
[BlackTeamCountry "HUN"]

1. e4 c5 2. c3 Nf6 3. e5 Nd5 4. d4 cxd4 5. cxd4 d6 6. Nf3 Nc6 7. exd6 e6 8. Nc3 Bxd6 9. Bd3 Nf4 10. Bxf4 Bxf4 11. Qe2 Nxd4 12. Nxd4 Qxd4 13. Rd1 Qe5 14. Be4 f5 15. g3 fxe4 16. gxf4 Qxf4 17. Qb5+ Kf7 18. Qc4 Rf8 19. Nxe4 Kg8 20. Rg1 Kh8 21. Rd2 e5 22. Nd6 Qxc4 23. Nxc4 Be6 24. Nxe5 Bxa2 25. Re2 Rad8 26. Re3 Bd5 27. Ke2 Kg8 28. Rc1 Rc8 29. Rxc8 Rxc8 30. Kd3 g6 31. Kd4 Bg2 32. Kd3 Kg7 33. Kd2 Rc7 34. Kd3 Bf1+ 35. Kd2 Kf6 36. Ng4+ Kf5 37. Nh6+ Kg5 38. Ng8 Rd7+ 39. Kc3 Rf7 40. Ne7 Rxf2 0-1

[Event "HUN-chT2 Breyer 0506"]
[Site "Hungary"]
[Date "2006.02.26"]
[Round "8"]
[White "Klimko, Csaba"]
[Black "Lugasi, Zoltan"]
[Result "0-1"]
[WhiteElo "2081"]
[BlackElo "2046"]
[PlyCount "84"]
[EventDate "2005.10.16"]
[EventType "team"]
[EventRounds "11"]
[EventCountry "HUN"]
[SourceTitle "EXT 2009"]
[Source "ChessBase"]
[SourceDate "2008.11.26"]
[SourceVersion "1"]
[SourceVersionDate "2008.11.26"]
[SourceQuality "1"]
[WhiteTeam "Kiraly Sakk"]
[BlackTeam "Geniusz Tata"]
[WhiteTeamCountry "HUN"]
[BlackTeamCountry "HUN"]

1. e4 c5 2. c3 Nf6 3. e5 Nd5 4. d4 cxd4 5. Nf3 e6 6. cxd4 b6 7. Nc3 Nxc3 8. bxc3 Qc7 9. Bd2 Bb7 10. Bd3 d6 11. 0-0 Nd7 12. Re1 dxe5 13. Nxe5 Nxe5 14. Rxe5 Bd6 15. Bb5+ Bc6 16. Bxc6+ Qxc6 17. d5 Qc7 18. Re4 0-0 19. Qh5 g6 20. Qh6 exd5 21. Rd4 Rad8 22. Rd1 Be5 23. Bf4 Bxf4 24. Qxf4 Qxc3 25. h4 Rfe8 26. Qf6 Re1+ 27. Rxe1 Qxe1+ 28. Kh2 Qe8 29. h5 Qf8 30. hxg6 fxg6 31. Qg5 Qd6+ 32. g3 Rd7 33. f4 Qe6 34. Rd2 d4 35. Qb5 Qd5 36. Qa4 b5 37. Qa6 d3 38. Qc8+ Kg7 39. Qc3+ Qd4 40. Qc6 b4 41. Qe6 a5 42. Qc6 Qd5 0-1